| 000 | 01303nam a2200229Ia 4500 | ||
|---|---|---|---|
| 001 | L808-30149 | ||
| 003 | IT-CnALBA | ||
| 008 | 170116s9999||||xx |||||||||||||| ||und|| | ||
| 040 |
_aIT-CnALBA _cIT-CnALBA |
||
| 041 | _aITALIANO | ||
| 100 | _aCOMPAGNONE LUIGI | ||
| 245 | 0 | _aRACCONTI ITALIANI. 1972. I GATTI DI STORNO. DUE LINEE DI FEBBRE. PRIME INDISCREZIONI SUL CASO PAPALEO. RECTAFLEX... | |
| 250 | _a1a ed. | ||
| 260 |
_aMILANO _bSELEZIONE DAL READER'S DIGEST _c1971 [1° Ed.:1971 - Ed.Ling.Originale: 1971] |
||
| 300 | _a171 p. | ||
| 500 | _aFINO ALLA SOGLIA. INTERFERENZE FERROVIARIE. UN IMPEGNO DA RISPETTARE. GLI OCCHIALETTI DI PIOMBO. MALIA DEL RE A CROPASTO. NOI DUE SIAMO UNA MOLTITUDINE. K 627. FRASSINETTI A. FLAIANO E. GOTTA S. OMBRES R. PAOLINI A. PETRONI G. POZZA N. REPACT L. SAVIANE G | ||
| 501 | _aSocietà San Paolo EM - Piazza San Paolo, 14 - 12051 ALBA (CN) (non commercial uses only) ® Copyright 2017 | ||
| 520 | _aFINO ALLA SOGLIA. INTERFERENZE FERROVIARIE. UN IMPEGNO DA RISPETTARE. GLI OCCHIALETTI DI PIOMBO. MALIA DEL RE A CROPASTO. NOI DUE SIAMO UNA MOLTITUDINE. K 627. FRASSINETTI A. FLAIANO E. GOTTA S. OMBRES R. PAOLINI A. PETRONI G. POZZA N. REPACT L. SAVIANE G | ||
| 650 | _aNARRATIVA DI VARIE LETTERATURE - ROMANZI | ||
| 942 | _cBK | ||
| 957 | _71 | ||
| 999 |
_a34918 _bNO _g Copie: 1 _c288985 _d288985 |
||